000
00373nam a2200145Ia 4500
008
230718s9999 xx 000 0 und d
041
_a
Eng.
082
_a
343
_b
موس-ن
100
_a
موسیٰ ، ملک محمد
245
0
_a
نایاب اُردو
260
_a
Pakistan
_b
میدان پہلی شہر لاہو؟
_c
2009
300
_a
329
650
_a
Law
999
_c
28771
_d
28771